000 00534nam a2200193 a 4500
001 1775555653547
003 YourLibrary
005 20260407152612.0
008 260407s2006##################000#0#eng##
020 _a9789041124722
082 0 4 _a340.1094
_bTUR
100 1 _aTürk, Alexander,
_eauthor.
245 1 0 _aThe Concept of Legislation in European Community Law :
260 _bKluwer Law International B.V.,
_c2006.
300 _a294 pages
650 0 _aLaw.
942 _cENGLISH
040 _aYourLibrary
_beng
_cYourLibrary
999 _c618802
_d618802